000 00521nam a2200169Ia 4500
005 20250424120314.0
008 250424s9999 xx 000 0 und d
022 _a11150610
050 _aTJ 807 .N54/
245 0 _aNigerian journal of renewable energy
260 _aSokoto
260 _bSokoto Energy Research Centre, Usmanu Danfodiyo University
260 _c2005
300 _av. : ill. ; 28 cm.
650 _aRenewable energy sources--Periodicals. Renewable energy sources--Nigeria--Periodicals.
942 _cSR
999 _c38558
_d38558